Morocco : Third Review Under the Two-Year Precautionary and Liquidity Line-Staff Report; Press Release; and Statement by the Executive Director for Morocco.

This paper reviews Morocco's Third Review Under the Two Year Precautionary and Liquidity Line (PLL). The PLL aims to provide insurance against external risks while supporting the authorities program aimed at reducing fiscal and external vulnerabilities and increasing higher growth. The paper ou...

Celý popis

Podrobná bibliografie
Korporativní autor: International Monetary Fund. Middle East and Central Asia Dept
Médium: Časopis
Jazyk:English
Vydáno: Washington, D.C. : International Monetary Fund, 2014.
Edice:IMF Staff Country Reports; Country Report ; No. 2014/066
On-line přístup:Full text available on IMF
LEADER 01818cas a2200241 a 4500
001 AALejournalIMF014272
008 230101c9999 xx r poo 0 0eng d
020 |c 5.00 USD 
020 |z 9781475515497 
022 |a 1934-7685 
040 |a BD-DhAAL  |c BD-DhAAL 
110 2 |a International Monetary Fund.  |b Middle East and Central Asia Dept. 
245 1 0 |a Morocco :   |b Third Review Under the Two-Year Precautionary and Liquidity Line-Staff Report; Press Release; and Statement by the Executive Director for Morocco. 
264 1 |a Washington, D.C. :  |b International Monetary Fund,  |c 2014. 
300 |a 1 online resource (33 pages) 
490 1 |a IMF Staff Country Reports 
500 |a <strong>Off-Campus Access:</strong> No User ID or Password Required 
500 |a <strong>On-Campus Access:</strong> No User ID or Password Required 
506 |a Electronic access restricted to authorized BRAC University faculty, staff and students 
520 3 |a This paper reviews Morocco's Third Review Under the Two Year Precautionary and Liquidity Line (PLL). The PLL aims to provide insurance against external risks while supporting the authorities program aimed at reducing fiscal and external vulnerabilities and increasing higher growth. The paper outlines that macroeconomic performance has improved in 2013, but the outlook still hinges on the sustained delivery of reforms. The IMF report highlights that continued improvement in economic conditions depend on the sustained implementation of reforms to further reduce vulnerabilities, strengthen competitiveness, and incur stronger growth. 
538 |a Mode of access: Internet 
830 0 |a IMF Staff Country Reports; Country Report ;  |v No. 2014/066 
856 4 0 |z Full text available on IMF  |u http://elibrary.imf.org/view/journals/002/2014/066/002.2014.issue-066-en.xml  |z IMF e-Library